Pacte anti-Komintern - Statistiques

Statistiques générales
  • Ce quiz a été pris 16 fois
  • Le résultat moyen est 8 sur 13
Statistiques - réponses
Date Pays % Correct
1936 Allemagne
87%
1939 Hongrie
80%
1937 Italie
80%
1936 Japon
80%
1941 Roumanie
80%
1941 Bulgarie
73%
1941 Gouvernement national réorganisé de la république de Chine
60%
1939 Espagne
53%
1941 Etat indépendant de Croatie
47%
1941 Finlande
47%
1941 Slovaquie
40%
1941 Danemark
33%
1939 Mandchoukouo
7%
Aucun quiz correspondant
Distribution des résultats
% des personnes avec chaque résultat
Percentile par nombre de réponses
Votre historique - résultats
Vous n’avez pas pris ce quiz